| 000 | 01074nam a22003257a 4500 | ||
|---|---|---|---|
| 003 | CHAP | ||
| 005 | 20220329141525.0 | ||
| 008 | 971013s1988 r 00010 d | ||
| 010 | _a69559 | ||
| 011 | _a70531 | ||
| 035 | _a80012 | ||
| 040 | _cCHAP | ||
| 090 | _aFolleto 10140 | ||
| 100 | 0 | 0 |
_aSánchez Colín, Salvador. _9107431 |
| 245 | _aReunión de trabajo sobre la modernización del sector rural | ||
| 260 |
_aMetepec, Méx. : _bComisión Coordinadora para el Desarrollo Agrícola y Ganadero del Estado de México, _c1988 |
||
| 300 | _aV. | ||
| 500 | _a34-217 | ||
| 500 | _aLa biblioteca tiene: v.1, v.2 | ||
| 590 |
_aBATCH-UPD _b10 _c20130110 _lUCH01 _h1145 |
||
| 590 |
_aBATCH-UPD _b10 _c20130410 _lUCH01 _h0730 |
||
| 590 |
_aBATCH-UPD _b10 _c20130914 _lUCH01 _h0043 |
||
| 590 |
_aCONVERSION _b10 _c20130109 _lUCH01 _h1338 |
||
| 650 | 1 | 4 |
_aAgricultura _zMéxico. _91932 |
| 650 | 1 | 4 |
_aDesarrollo de la comunidad rural. _931995 |
| 650 | 1 | 4 |
_aPolítica agrícola. _990283 |
| 901 | _aBK | ||
| 942 | _cFOLL | ||
| 949 |
_aFolleto 10140 _bBC _cFOLL _d-32906 _eTS1 _i80012 _si |
||
| 999 |
_c69559 _d69559 |
||